| 000 | 00372nam a22001457a 4500 | ||
|---|---|---|---|
| 005 | 20190427141636.0 | ||
| 008 | 190427b xxu||||| |||| 00| 0 eng d | ||
| 020 | _a978-93-88293-75-4 | ||
| 041 | _aeng | ||
| 100 |
_aHAJARE, DR. A.A _94952 |
||
| 245 | _aA PRACTICAL BOOK OF PHYSICAL PHARMACEUTICE - II | ||
| 260 |
_aPUNE _bNIRALI PRAKASHAN |
||
| 300 | _a50p, | ||
| 942 | _cBK | ||
| 999 |
_c5834 _d5832 |
||